000 01184nas a2200349 4500
001 BR2011007622
003 BR-BrBNA
005 20231205115805.0
007 ta
008 230509b bl.|||p| |||| 00| 00por d
040 _aBR-BrBNA
_bpor
_cBiblioteca Nacional de Agricultura
041 _a(Pt)
072 _aL72
100 1 _aFernandes, J.I.
100 1 _aCorreia, T.R.
100 1 _aRibeiro, F.A.
100 1 _aCid, Y.P.
100 1 _aTavares, P.V.
100 1 _aScott F.B.
245 1 _aEficácia do Nim (Azadirachta indica)no controle de Demodex canis (Leydig, 1859)em cães
246 1 _aEfficacy of neem (Azadirachta indica)in the control of Demodex canis (Leydig, 1859)on dogs
650 _aCÃO
650 _aÁCARO
650 _aSARNA ANIMAL
650 _aNIM
650 _aAZADIRACHTA INDICA
650 _aINSETICIDA DE ORIGEM VEGETAL
773 0 _tRevista Brasileira de Medicina Veterinária (Brazil)
_xISSN 0100-2430
_g(Dec 2010), v. 32(suppl. 1) p. 59-63
_wBR2011007622
856 4 _uhttp://www.rbmv.com.br/pdf_artigos/06-10-2011_13-55Suple011.pdf
_yRecurso eletrônico (PDF)
909 _a202311
_bLúcia
_c55
_dLúcia Elande
942 _2AGRIS
_n0
_cANA
999 _c215707
_d215707